| 000 | 00591nam a2200193 a 4500 | ||
|---|---|---|---|
| 005 | 20251210064023.0 | ||
| 008 | 991125s1972 ea 000 0 fre u | ||
| 035 | _aUPN01000019528 | ||
| 049 | _aCG | ||
| 050 | 4 |
_aLB1105 _bC4.4 no.21 |
|
| 100 | 1 | _aDespinette, Janine | |
| 245 | 1 | 0 |
_aEnfants d'aujourd'hui livres d'ajourd'hui / _cpar Janine Despinette. |
| 260 |
_aBelgique : _bCasterman, _c1972. |
||
| 300 | _a199 p. | ||
| 440 | 0 |
_aE3. _pEnfance, éducation, enseignement ; _v21 |
|
| 650 | 4 |
_aEducación de niños _vColecciones _99141 |
|
| 650 | 4 |
_aLiteratura infantil _94445 |
|
| 905 | _aLibro | ||
| 999 |
_c19528 _d19528 |
||